000 00815nam a2200241 a 4500
008
020 _a0534071902 (pbk.)
049 _aMAIN
090 _aQA76.73.C25
100 1 _aMolluzzo, John C.
245 1 0 _aInstructor's manual and transparency masters for Structured COBOL programming /
_cJohn C. Molluzzo.
260 _aBelmont, Calif. :
_bWadsworth,
_cc1987.
300 _a1 v. (various pagings) ;
_c28 cm.
500 _aIncludes index.
650 0 _aCOBOL (Computer program language).
650 0 _aStructured programming.
740 _aStructured COBOL programming :
_binstructor's manual and transparency masters.
907 _a.b10089135
_b16-09-03
_c16-09-03
003
005 20230123133423.0
040 _cNUST
942 _cBOOKS
_kQA76.73.C25
999 _c148274
_d148274